000 00637pam a2200229 a 4500
001 3888943
003 OSt
005 20240614130728.0
008 900215r19901975nyua b 001 0 eng
010 _a 90032980
020 _a0486663523
040 _aDDC
_cMUST
082 0 0 _a514 MEN 1990
_222
100 1 _aMendelson, Bert.
_917229
245 1 0 _aIntroduction to topology /
_cBert Mendelson.
250 _a3rd ed.
260 _aNew York :
_bDover Publications,
_c1990.
300 _aix, 206 p. :
_bill. ;
_c22 cm.
504 _aIncludes bibliographical references and indexes
650 0 _aTopology.
_95415
942 _2ddc
_cO_SHELF
999 _c8480
_d8480